004100000a2200157000450000500170000010000250001724500900004226000380013230000080017004000080017836500080018665000150019465000140020965000150022365000140023820120302052810.0 a Westropp, Hodder M. a Primitive symbolism: As illustrated in Phallic Worship or the reproductive principle aNew Delhi:bKumar Brothers,c1970 a68p aENG bRs. aPhilosophy aSymbolism aPhallicism aReligions